[Event "TUR-chT 1st League"]
[Site "Ankara"]
[Date "2025.07.18"]
[Round "6.46"]
[White "Unver, Cumali"]
[Black "Taskaya, Fesih"]
[Result "1-0"]
[WhiteElo "2012"]
[BlackElo "1769"]
[PlyCount "55"]
[EventDate "2025.07.14"]
[EventType "team-swiss"]
[EventRounds "9"]
[EventCountry "TUR"]
[SourceTitle "CB30_2025"]
[SourceDate "2025.07.23"]
[SourceVersion "1"]
[SourceVersionDate "2025.07.23"]
[SourceQuality "1"]
[WhiteTeam "Gokyay Vakfi"]
[BlackTeam "Doktor Metin Surmeli"]
[WhiteTeamCountry "TUR"]
[BlackTeamCountry "TUR"]

1. e4 e5 2. Nf3 Nc6 3. Bb5 a6 4. Bxc6 dxc6 5. 0-0 f6 6. d4 exd4 7. Nxd4 Bd6 8. Be3 Ne7 9. Nd2 0-0 10. Nc4 Ng6 11. Qd2 Ne5 12. Nxe5 fxe5 13. Nb3 Qe7 14. Rad1 b6 15. Bxb6 Rb8 16. Be3 Be6 17. Qc3 Qe8 18. Bc5 Rd8 19. Na5 Qf7 20. Nxc6 Bxc5 21. Nxd8 Bxf2+ 22. Kh1 Qf6 23. Nxe6 Qxe6 24. Qb3 Qxb3 25. axb3 Bd4 26. Rxf8+ Kxf8 27. c3 Be3 28. Rd5 1-0

[Event "TUR-chT 1st League"]
[Site "Ankara"]
[Date "2025.07.17"]
[Round "5.34"]
[White "Gulsoy, Mustafa Alpago"]
[Black "Taskaya, Fesih"]
[Result "1-0"]
[WhiteElo "2088"]
[BlackElo "1769"]
[PlyCount "91"]
[EventDate "2025.07.14"]
[EventType "team-swiss"]
[EventRounds "9"]
[EventCountry "TUR"]
[SourceTitle "CB30_2025"]
[SourceDate "2025.07.23"]
[SourceVersion "1"]
[SourceVersionDate "2025.07.23"]
[SourceQuality "1"]
[WhiteTeam "Moda Spor"]
[BlackTeam "Doktor Metin Surmeli"]
[WhiteTeamCountry "TUR"]
[BlackTeamCountry "TUR"]

1. e4 e5 2. Nf3 Nc6 3. d4 exd4 4. Nxd4 Bc5 5. Nb3 Bb6 6. Nc3 d6 7. Bf4 Nf6 8. Qd2 Be6 9. 0-0-0 0-0 10. Bg5 Ne5 11. Nd4 h6 12. Bh4 Ng6 13. Bg3 Re8 14. Nxe6 Rxe6 15. f3 Ne5 16. Be2 a6 17. Nd5 Nxd5 18. Qxd5 c6 19. Qb3 c5 20. Qd5 Nc6 21. Qh5 Ne5 22. f4 Nc6 23. Bc4 Rxe4 24. Qxf7+ Kh8 25. Bd3 Re7 26. Qg6 Qg8 27. Rhe1 c4 28. Bf5 Rxe1 29. Rxe1 Nd4 30. Bf2 Nb3+ 31. axb3 Bxf2 32. Re2 Bg1 33. bxc4 Bxh2 34. g3 Bg1 35. Re1 Rf8 36. Rxg1 Rf6 37. Qh5 Qf8 38. Bd3 Qe7 39. Kd1 Re6 40. Qf5 g6 41. Qd5 b5 42. Qd4+ Kh7 43. cxb5 axb5 44. f5 Re5 45. fxg6+ Kg8 46. Qf2 1-0

[Event "TUR-chT 1st League"]
[Site "Ankara"]
[Date "2025.07.16"]
[Round "3.52"]
[White "Akyuz, Kerem Arhan"]
[Black "Taskaya, Fesih"]
[Result "1-0"]
[WhiteElo "1876"]
[BlackElo "1769"]
[PlyCount "91"]
[EventDate "2025.07.14"]
[EventType "team-swiss"]
[EventRounds "9"]
[EventCountry "TUR"]
[SourceTitle "CB30_2025"]
[SourceDate "2025.07.23"]
[SourceVersion "1"]
[SourceVersionDate "2025.07.23"]
[SourceQuality "1"]
[WhiteTeam "Guzelbahce Altyapi"]
[BlackTeam "Doktor Metin Surmeli"]
[WhiteTeamCountry "TUR"]
[BlackTeamCountry "TUR"]

1. d4 d5 2. c4 e6 3. Nc3 Nf6 4. cxd5 exd5 5. Bg5 Nbd7 6. e3 Bb4 7. Bd3 c5 8. Nge2 c4 9. Bc2 h6 10. Bh4 0-0 11. 0-0 Qa5 12. f3 Re8 13. e4 Be7 14. e5 Nh7 15. Bxe7 Rxe7 16. f4 f6 17. Ng3 Ndf8 18. Qf3 fxe5 19. fxe5 Be6 20. Nf5 Rf7 21. Qg3 Kh8 22. Nd6 Re7 23. Rf2 Qb6 24. Rd1 a6 25. Na4 Qc7 26. Rdf1 b6 27. Nc3 b5 28. Nd1 Qa7 29. Qh4 Bg8 30. Ne3 Be6 31. Nef5 Rd7 32. Ng3 Bg8 33. Qg4 Ne6 34. Ne2 Rf8 35. Bxh7 Rxf2 36. Bxg8 Rxf1+ 37. Kxf1 Nxd4 38. Nxd4 Kxg8 39. Nc6 Qc7 40. Qe6+ Kh7 41. Qxd5 Qb6 42. e6 Rc7 43. e7 Qxc6 44. Qf5+ Kg8 45. Qf8+ Kh7 46. e8Q 1-0

[Event "TUR-chT 1st League"]
[Site "Denizli"]
[Date "2024.07.19"]
[Round "6.46"]
[White "Madsman, Alp"]
[Black "Taskaya, Fesih"]
[Result "1-0"]
[WhiteElo "1741"]
[BlackElo "1772"]
[PlyCount "36"]
[EventDate "2024.07.15"]
[EventType "team-swiss"]
[EventRounds "9"]
[EventCountry "TUR"]
[SourceTitle "EXT 2025"]
[Source "ChessBase"]
[SourceDate "2024.10.14"]
[SourceVersion "1"]
[SourceVersionDate "2024.10.14"]
[SourceQuality "1"]
[WhiteTeam "Guzelbahce Altyapi"]
[BlackTeam "Doktor Metin Surmeli"]
[WhiteTeamCountry "TUR"]
[BlackTeamCountry "TUR"]

1. e4 e5 2. Nf3 Nc6 3. Bc4 Nf6 4. d3 Be7 5. c3 d5 6. exd5 Nxd5 7. 0-0 0-0 8. Re1 Bf6 9. Qe2 Bf5 10. Be3 Re8 11. Nbd2 Nb6 12. Bxb6 axb6 13. Ne4 Na5 14. Bb5 c6 15. Ba4 b5 16. Bc2 b6 17. b4 Nb7 18. d4 Bg6 1-0

[Event "TUR-chT 1st League"]
[Site "Konya"]
[Date "2022.08.28"]
[Round "9.8"]
[White "Taskaya, Fesih"]
[Black "Kaplan, Bahadir"]
[Result "1/2-1/2"]
[WhiteElo "1629"]
[BlackElo "1919"]
[PlyCount "126"]
[EventDate "2022.08.22"]
[EventType "team-swiss"]
[EventRounds "9"]
[EventCountry "TUR"]
[SourceTitle "CBM 209 Extra"]
[Source "ChessBase"]
[SourceDate "2022.09.30"]
[SourceVersion "1"]
[SourceVersionDate "2022.09.30"]
[SourceQuality "1"]
[WhiteTeam "Denizli Metin Surmeli"]
[BlackTeam "Bulancak Ihsaniye Genclik"]
[WhiteTeamCountry "TUR"]
[BlackTeamCountry "TUR"]

1. e4 c5 2. Nf3 e6 3. d4 cxd4 4. Nxd4 a6 5. Nc3 b5 6. Be3 Bb7 7. Bd3 Qc7 8. 0-0 Nf6 9. a3 d6 10. f4 Nbd7 11. Qe2 Be7 12. Rad1 Rc8 13. g4 h5 14. g5 Ng4 15. g6 Nxe3 16. gxf7+ Kxf7 17. Qxe3 Bf6 18. Nce2 e5 19. Nb3 h4 20. Qh3 Rcd8 21. Rf2 Nb6 22. Rdf1 Bc8 23. Qe3 Na4 24. Rg2 Qb6 25. Qxb6 Nxb6 26. Rgf2 Ke7 27. Na5 Bd7 28. Nc3 Rc8 29. Kh1 Be6 30. f5 Bf7 31. Nb3 Rhd8 32. Nd2 d5 33. exd5 Nxd5 34. Nxd5+ Bxd5+ 35. Ne4 Bg5 36. Re2 Bf4 37. Kg1 Kf8 38. Rf3 Rc6 39. Rh3 g5 40. fxg6 Rxg6+ 41. Kf1 Rh6 42. Rf3 Rd7 43. Rg2 Rf7 44. Ke2 Bb7 45. Rff2 Rd7 46. Nc5 Re7 47. Nxb7 Rxb7 48. Rg5 Ke8 49. Rg8+ Kd7 50. Rfg2 Kd6 51. Ra8 Kc5 52. c3 Rd7 53. Rgg8 Rc6 54. h3 Rcd6 55. b4+ Kd5 56. Rac8 Ke6 57. Rce8+ Kf6 58. Ref8+ Ke7 59. Re8+ Kf6 60. Ref8+ Ke7 61. Re8+ Kf6 62. Rc8 Ke6 63. Rgf8 Kd5 1/2-1/2

[Event "TUR-chT 1st League"]
[Site "Konya"]
[Date "2022.08.26"]
[Round "7.9"]
[White "Taskaya, Fesih"]
[Black "Dalgar, Hakki Berat"]
[Result "0-1"]
[WhiteElo "1629"]
[BlackElo "2017"]
[PlyCount "90"]
[EventDate "2022.08.22"]
[EventType "team-swiss"]
[EventRounds "9"]
[EventCountry "TUR"]
[SourceTitle "CBM 209 Extra"]
[Source "ChessBase"]
[SourceDate "2022.09.30"]
[SourceVersion "1"]
[SourceVersionDate "2022.09.30"]
[SourceQuality "1"]
[WhiteTeam "Denizli Metin Surmeli"]
[BlackTeam "Karaman Saglik"]
[WhiteTeamCountry "TUR"]
[BlackTeamCountry "TUR"]

1. e4 c6 2. d4 d5 3. Nc3 dxe4 4. Nxe4 Bf5 5. Ng3 Bg6 6. h4 h6 7. Nf3 Nd7 8. h5 Bh7 9. Bd3 Bxd3 10. Qxd3 e6 11. Bd2 Ngf6 12. 0-0-0 Be7 13. Qe2 0-0 14. Nf1 c5 15. g4 Nh7 16. Ne3 cxd4 17. Nxd4 Nc5 18. Bb4 Qb6 19. Ba3 Rac8 20. Nd5 Bg5+ 21. f4 exd5 22. fxg5 Rfe8 23. Qg2 Nxg5 24. Qxd5 Nce4 25. Rhe1 Nf2 26. Rxe8+ Rxe8 27. Bc5 Qf6 28. Nf5 Nxd1 29. Qxd1 Ne6 30. Be3 Qe5 31. Qg1 b6 32. a3 Ng5 33. Kb1 Qd5 34. Bc1 Nf3 35. Qf2 Kh7 36. Ne3 Qe4 37. Ka2 f6 38. c4 Ne5 39. Bd2 Nxc4 40. Nf5 Nxd2 41. Qxd2 Qxg4 42. Nd6 Qe6+ 43. b3 Qe2 44. Qxe2 Rxe2+ 45. Kb1 Re5 0-1

[Event "TUR-chT2"]
[Site "Konya"]
[Date "2018.07.13"]
[Round "6.8"]
[White "Ulusoy, Kemal"]
[Black "Taskaya, Fesih"]
[Result "0-1"]
[WhiteElo "1555"]
[BlackElo "1658"]
[PlyCount "92"]
[EventDate "2018.07.10"]
[EventType "team-swiss"]
[EventRounds "9"]
[EventCountry "TUR"]
[SourceTitle "EXT 2019"]
[Source "ChessBase"]
[SourceDate "2018.10.10"]
[SourceVersion "1"]
[SourceVersionDate "2018.10.10"]
[SourceQuality "1"]
[WhiteTeam "Samsun Genclik"]
[BlackTeam "Denizli Onay"]
[WhiteTeamCountry "TUR"]
[BlackTeamCountry "TUR"]

1. e4 e5 2. Nf3 Nc6 3. d4 exd4 4. Bc4 d6 5. Nxd4 Bd7 6. Nc3 Nf6 7. Be3 Be7 8. Qd2 0-0 9. f3 Ne5 10. Be2 a6 11. h4 h5 12. 0-0-0 b5 13. Rdg1 Rb8 14. Nf5 Nc4 15. Bxc4 bxc4 16. g4 Bxf5 17. gxf5 c5 18. Bh6 Ne8 19. Bxg7 Nxg7 20. Qh6 Bf6 21. Nd5 Bxb2+ 22. Kd1 Bd4 23. Rxg7+ Bxg7 24. Qc1 f6 25. Rg1 Rb7 26. Ke2 Qe8 27. Rg6 Qe5 28. Nf4 d5 29. Nxd5 Qh2+ 30. Ke3 Kh7 31. Nf4 Qxh4 32. Qg1 Rff7 33. Ne6 Rbe7 34. Nf4 a5 35. Ng2 Qh3 36. Nf4 Qh4 37. Ng2 Qh3 38. Nf4 Qxf5 39. Rxg7+ Rxg7 40. Qxg7+ Rxg7 41. exf5 h4 42. Ng6 Rxg6 43. fxg6+ Kxg6 44. Kf2 Kf5 45. Ke3 h3 46. Kf2 Ke5 0-1